Sevgi gözüyle Bosna Hersek = Bosna i Hercegovina ocima ljubavi / (Record no. 14927)

MARC details
000 -BAŞLIK
Sabit Uzunlukta Kontrol Alanı 00806nam a22002297a 4500
999 ## - SİSTEM KONTROL NUMARALARI (KOHA)
Koha Biblionumber 14927
Koha Biblioitemnumber 14927
003 - KONTROL NUMARASI IDENTIFIER
Denetim Alanı MIRAKIL
005 - SON İŞLEM TARİHİ VE ZAMANI
Denetim Alanı 20220601120422.0
008 - SABİT-BOY VERİ ELEMANLARI - GENEL BİLGİLER
Sabit Uzunlukta Kontrol Alanı 220601b tu ||||| |||| 00| 0 tur d
020 ## - ULUSLARARASI STANDART KİTAP NUMARASI
Uluslararası Standart Kitap Numarası 6786056781704
040 ## - KATALOGLAMA KAYNAK
Orijinal Kataloglama Ajansı TR-AnCHP
Metne Dönüştürmek Ajansı TR-AnCHP
041 ## - DİL KODU
Metin / Ses Parça Veya Ayrı Başlığın Dil Kodu tur
082 ## - DEWEY ONLU SINIFLANDIRMA NUMARASI
Sınıflandırma Numarası 779.9914974
Ürün Numarası S55s 2017
100 ## - ANA GİRİŞ - KİŞİSEL İSİM
Kişisel Ad Sinanovic, Samir
245 10 - BAŞLIK TABLOSU
Başlık Sevgi gözüyle Bosna Hersek = Bosna i Hercegovina ocima ljubavi /
Sorumluluk Tablosu, Vb Samir Sinanovic ; Türkçe çeviri: Burcu Özdemir
246 ## - UNVAN FORM VARYING
Başlık Doğru / Kısa Başlığı Bosna i Hercegovina ocima ljubavi
260 ## - YAYIN, DAĞITIM, VB
Yayın, Dağıtım, Vb Yeri İstanbul :
Yayıncı, Dağıtıcı, Vs Adı Bosna Sancak Akademik Kültür ve Tarih Vakfı,
Yayın, Dağıtım, Vb Tarihi 2017
300 ## - FİZİKSEL TANIM
Kapsam 451 s. :
Diğer Fiziksel Ayrıntıları rnk. fotoğ. ;
Boyutlar 23 sm.
651 #0 - KONU KATMA GİRİŞ - COĞRAFİ ADI
9 (RLIN) 5531
Coğrafi İsim Bosna Hersek
Genel Alt Bölümü fotoğraflar
700 ## - KATMA GİRİŞ - KİŞİSEL İSİM
9 (RLIN) 7108
Kişisel Ad Özdemir, Burcu
Relator Terim çev.
740 ## - KATMA GİRİŞ - KONTROLSUZ İLGİLİ / ANALİTİK BAŞLIK
Kontrol Edilmeyen / İlgili Analitik Başlıktaki Bosna i Hercegovina ocima ljubavi
942 ## - EKLENDİ GİRİŞ ELEMANLARI (KOHA)
Sınıflandırma Veya Raf Düzeni Kaynak Dewey Decimal Classification
Koha Öğesi Türü Books
Holdings
Kalıcı Konum Mevcut Konum Edinme Tarihi Toplam Check-Out'Lar Tam Çağrı Numarası Barkod Tarih Son Görülme İtibaren Geçerli Fiyatlar Koha Öğesi Türü
CHP Kütüphanesi CHP Kütüphanesi 06/01/2022   779.9914974 S55s 2017 020456 06/01/2022 06/01/2022 Books